ARRUPE JESUIT UNIVERSITY

CORONAVIRUS -STOP THE SPREAD - CLEAN,DISINFECT,COVER

Etty : (Record no. 124303)

MARC details
000 -LEADER
fixed length control field 02162mam a22003014a 4500
001 - CONTROL NUMBER
control field 3370186
003 - CONTROL NUMBER IDENTIFIER
control field ARRUPE
005 - DATE AND TIME OF LATEST TRANSACTION
control field 20160303121812.0
008 - FIXED-LENGTH DATA ELEMENTS--GENERAL INFORMATION
fixed length control field 020311s2002 miua b 001 0aeng
010 ## - LIBRARY OF CONGRESS CONTROL NUMBER
LC control number 2002024433
020 ## - INTERNATIONAL STANDARD BOOK NUMBER
International Standard Book Number 0802839592 (alk. paper)
035 ## - SYSTEM CONTROL NUMBER
System control number (OCoLC)ocm49326994
040 ## - CATALOGING SOURCE
Original cataloging agency DLC
Transcribing agency DLC
Modifying agency NNC
-- OrLoB-B
041 1# - LANGUAGE CODE
Language code of text/sound track or separate title eng
Language code of original and/or intermediate translations of text dut
042 ## - AUTHENTICATION CODE
Authentication code pcc
043 ## - GEOGRAPHIC AREA CODE
Geographic area code e-ne---
050 00 - LIBRARY OF CONGRESS CALL NUMBER
Classification number DS135.N6
Item number H54613 2002
082 00 - DEWEY DECIMAL CLASSIFICATION NUMBER
Classification number 940.563/18/092
-- B
Edition number 21
300 ## - PHYSICAL DESCRIPTION
Dimensions 18 cm.
245 10 - TITLE STATEMENT
Title Etty :
Remainder of title a diary 1941-43
Statement of responsibility, etc introduced by J.G. Gaarlandt ; translated by Arnold J. Pomerans.
260 ## - PUBLICATION, DISTRIBUTION, ETC. (IMPRINT)
Place of publication, distribution, etc London. :
Name of publisher, distributor, etc Triad Panther.,
Date of publication, distribution, etc 2002.
300 ## - PHYSICAL DESCRIPTION
Extent 287p. :
520 1# - SUMMARY, ETC.
Summary, etc "This body of work reveals the interior life of a brilliant young Jewish woman. Born in January 1914, Etty Hillesum began her diary in 1941, nine months after Hitler invaded her home country of the Netherlands. The record she kept for the next two years contains arresting personal reflections and chronicles her social, intellectual, and - most significantly - spiritual growth.
520 8# - SUMMARY, ETC.
Summary, etc In addition to her ongoing search for God and truth, one of the most noted and instructive features of Etty's development was her recognition of, and her struggle to overcome, the disorder within her own being. It was her success in finally transcending her own sense of captivity within that allowed her to rise above cruel and fearsome circumstances without.".
520 8# - SUMMARY, ETC.
Summary, etc "Indeed, in the midst of the horrors of the Nazi Holocaust, Etty's writings reveal a woman who celebrated life and remained an undaunted example of courage, sympathy, and compassion. Letters that she wrote to friends during her internment at the Westerbork transit camp poignantly describe the day-to-day horrors that the Jewish prisoners faced. Nonetheless, Etty's courage and determination remained strong, allowing her to rise above the hate around her and express her irrepressible faith in humanity.
520 8# - SUMMARY, ETC.
Summary, etc As she wrote in her last letter, thrown from the train that took her to her death at Auschwitz, "We left the camp singing.""--BOOK JACKET.
900 ## - EQUIVALENCE OR CROSS-REFERENCE-PERSONAL NAME [LOCAL, CANADA]
Numeration TOC
942 ## - ADDED ENTRY ELEMENTS (KOHA)
Source of classification or shelving scheme Library of Congress Classification
Koha item type Monograph ( Printed materials)
Holdings
Withdrawn status Lost status Source of classification or shelving scheme Damaged status Not for loan Collection code Home library Current library Shelving location Date acquired Total Checkouts Full call number Barcode Date last seen Date checked out Price effective from Koha item type
    Library of Congress Classification     Main Collection ARRUPE LIBRARY ARRUPE LIBRARY Main Collection 03/03/2016 3 DS135.N6 H54 D13 2002 46500006293 06/12/2024 08/11/2024 03/03/2016 Monograph ( Printed materials)

 

Arrupe Library. PO Box MP320 Mt Pleasant, Harare, Zimbabwe
263 242 745411|librarian@aju.ac.zw